Teesara ghar/ (Record no. 46323)

000 -LEADER
fixed length control field 00378nam a22001571a 4500
020 ## - INTERNATIONAL STANDARD BOOK NUMBER
ISBN 9788186116418
082 ## - DEWEY DECIMAL CLASSIFICATION NUMBER
Classification number H3
Item number RAN/T
100 ## - MAIN ENTRY--AUTHOR NAME
Personal name Ranveer Singh Rahi
245 ## - TITLE STATEMENT
Title Teesara ghar/
Statement of responsibility, etc by Ranveer Singh Rahi
260 ## - PUBLICATION, DISTRIBUTION, ETC. (IMPRINT)
Place of publication Jaipur:
Name of publisher Rachana Prakashan,
Year of publication 1999.
300 ## - PHYSICAL DESCRIPTION
Number of Pages 77p.
650 ## - SUBJECT ADDED ENTRY--TOPICAL TERM
Topical Term Novel Hindi
650 ## - SUBJECT ADDED ENTRY--TOPICAL TERM
Topical Term Literature Hindi
650 ## - SUBJECT ADDED ENTRY--TOPICAL TERM
Topical Term Literature
942 ## - ADDED ENTRY ELEMENTS (KOHA)
Koha item type Book
Holdings
Withdrawn status Lost status Damaged status Not for loan Permanent Location Current Location Date acquired Cost, normal purchase price Full call number Accession Number Cost, replacement price Price effective from Koha item type
        Sree Sankaracharya University of Sanskrit Sree Sankaracharya University of Sanskrit 08.01.2015 70.00 H3 RAN/T 034360 0.00 08.01.2015 Book